| 000 | 01142nam a22003137a 4500 | ||
|---|---|---|---|
| 001 | 18614 | ||
| 003 | CO-MdFUSB | ||
| 005 | 20220625062542.0 | ||
| 008 | 170519t2001 sp ||||| |||| 00| 0 spa d | ||
| 020 | _a84-7151-512-1 | ||
| 040 |
_aCO-MdFUSB _bspa _cCO-MdFUSB _dCO-MdFUSBC _erda |
||
| 041 | _aspa | ||
| 082 | 0 | 4 | _aG 220.609 T17j |
| 100 | 1 |
_aTassin, Claude _eautor |
|
| 245 | 1 | 3 |
_aEl judaísmo _b : desde el destierro hasta el tiempo de Jesús _c / Claude Tassin ; traducido por Nicolás Darrícal |
| 250 | _aSexta edición | ||
| 264 | 4 |
_aEstella, Navarra : _bVerbo Divino, _c©2001 |
|
| 300 | _a74 páginas | ||
| 336 |
_2rdacontent _a1 _ba1 |
||
| 337 |
_2rdamedia _a2 _b5 |
||
| 338 |
_2rdacarrier _a2 _b5 |
||
| 500 | _aTítulo original en francés: Le judaïsme de l'Exil au de Jésus | ||
| 501 | _aRústico | ||
| 505 | 0 | 0 | _aUn nuevo marco geográfico e histórico -- El régimen de la Torá -- Instituciones en evolución -- Una literatura en evolución -- Judíos y paganos -- Al final de una visita |
| 650 | 0 |
_aBiblia _916 |
|
| 650 | 7 |
_aJudaísmo _2 _96881 |
|
| 653 | _aBiblia - Judaismo - Exégesis e historia | ||
| 942 | _cBK | ||
| 999 |
_c45030 _d45030 |
||